| 000 | 00842nam a22002417a 4500 | ||
|---|---|---|---|
| 005 | 20170124105945.0 | ||
| 010 | _aA-945750 | ||
| 020 |
_c00.00 _a8124601100 |
||
| 035 | _aA-945750 | ||
| 037 | _bCen Lib/Ret | ||
| 040 |
_aDPL _bEN |
||
| 082 |
_a220 _bNAR |
||
| 100 |
_aNarayana Prasad, Muni _912257 |
||
| 245 |
_aKatha upanisad / _cTranslation with an exhaustive commentary by Swami Muni Narayana Prasad _bwith the original text in sanskrit and roman transliteration |
||
| 260 |
_aNew Delhi _bD.K. Printworld _c1998 |
||
| 270 |
_aF-52, Bali Nagar _bNew Delhi _e110015 |
||
| 300 |
_avi,151p. : _c21cm(Hb) |
||
| 490 |
_aRediscovering indian literary classics _v07 |
||
| 500 | _aIncludes glossary and index | ||
| 650 |
_aHinduism _xSacred books _9109709 |
||
| 650 |
_aUpnishad _9109710 |
||
| 942 |
_2ddc _cEN _h220 _mNAR |
||
| 999 |
_c124882 _d124882 |
||